00372nam a2200121Ia 4500008004100000100001800041245006000059245003700119260000900156300001000165650001300175856006200188170221s9999 xx 000 0 und d aKershen Huang aInvestment Horizons and Information (pages 1017–1056) cKershen Huang and Alex Petkevich c2015 a4 : 3 xBusiness uhttp://onlinelibrary.wiley.com/doi/10.1111/jbfa.12205/pdf